Т. 1: Повести. 1838-1841; Собрание сочинений

Библиографические подробности
Источник:Собрание сочинений: в 12 т: пер. с англ./ У. М. Теккерей; под ред. А. А. Аникста. Т. 1: Повести. 1838-1841.— , 1974-
Язык:русский
Опубликовано: 1974
Предметы:
Формат: Книга
Запись в KOHA:https://koha.lib.tpu.ru/cgi-bin/koha/opac-detail.pl?biblionumber=166853

MARC

LEADER 00000nam2a2200000 4500
001 166853
005 20231031162609.0
035 |a (RuTPU)RU\TPU\book\180985 
035 |a RU\TPU\book\140313 
090 |a 166853 
100 |a 20091008d1974 m y0rusy50 ca 
101 1 |a rus  |c eng 
102 |a RU 
105 |a y z 000ay 
200 0 |a Т. 1: Повести. 1838-1841 
210 |d 1974 
215 |a 637 с.  |c ил. 
461 1 |0 (RuTPU)RU\TPU\book\117423  |t Собрание сочинений  |o в 12 т: пер. с англ.  |f У. М. Теккерей  |g под ред. А. А. Аникста  |v Т. 1: Повести. 1838-1841  |d 1974- 
610 1 |a английская литература 
610 1 |a 19 век 
610 1 |a история 
610 1 |a романы 
675 |a 82  |v 3 
801 1 |a RU  |b 63413507  |c 20060412  |g PSBO 
801 2 |a RU  |b 63413507  |c 20170515  |g PSBO 
942 |c BK